000 00668nam a2200193Ia 4500
008 151121s9999||||xx |||||||||||||| ||und||
082 _a813/सरदे
082 _bHNW-7243
100 _aसरदेसाई लक्ष्मणराव
245 _aजगा वेगळा
260 _b"महाराष्ट्र ग्रंथ भांडार , मुंबई।"
260 _c--
300 _a127
600 _aसरदेसाई लक्ष्मणराव
630 _aजगा वेगळा
700 _aसरदेसाई लक्ष्मणराव
730 _aजगा वेगळा
942 _cBOOK
999 _c1214154
_d1214151